Plany Świątyń Greckich - Statystyki

Ogólne statystyki
  • Ten quiz został rozwiązany 7 razy
  • Średni wynik to 16 z 22
Statystyki odpowiedzi
Obrazkowy Hint Odpowiedź % Poprawnych
Przetłumacz Amfi
100%
Amfiprostylos
100%
Przetłumacz Naos
100%
Przetłumacz Pro
100%
Przetłumacz Pronaos
100%
Prostylos
100%
Pseudotolos
100%
Przetłumacz Stylos
100%
Tolos
100%
Przetłumacz Di
67%
Dipteros
67%
Megaron
67%
Monopteros
67%
Przetłumacz Opisto
67%
Przetłumacz Opistodomos
67%
Podwójna Świątynia w antach
67%
Przetłumacz Pteros
67%
Świątynia w antach
67%
Przetłumacz Pery
33%
Perypteros
33%
Pseudodipteros
33%
Pseudoperypteros
33%
Nie znaleziono quizów pasujących do podanych kryteriów
Rozkład punktacji
Procent ludzi z każdym wynikiem
Percentyl według liczby udzielonych odpowiedzi
Twoja historia wyników
Nie rozwiązałeś tego quizu